000 00340 a2200157 4500
001 61119
020 _a8526220888
040 _cAnchieta - Pituba
100 _aAguiar, Joaquim
240 1 0 _aA poesia da canção
_lpor
245 1 0 _aA poesia da canção
300 _a71
362 0 _a2001
650 4 _aFicção brasileira
942 _cBK
999 _c61119
_d61119